| 000 | 00406nam a2200169Ia 4500 | ||
|---|---|---|---|
| 008 | 231221s9999 xx 000 0 und d | ||
| 041 | _aEnglish | ||
| 082 | _a001.6424JAV DEI; | ||
| 100 | _aDeitel, H M. Deital, P J. | ||
| 245 | 0 | _aJava: How to program | |
| 250 | _a5th ed. | ||
| 260 |
_c2003 _bPHI _aNew Delhi |
||
| 300 | _aLi+EULA-11 | ||
| 300 | _c27863 | ||
| 650 | _aJava:,program | ||
| 942 | _cCD | ||
| 999 |
_c202852 _d202852 |
||